The Complete Musician (Record no. 15738)
[ view plain ]
| 000 -LEADER | |
|---|---|
| fixed length control field | 00419nam a22001337a 4500 |
| 008 - FIXED-LENGTH DATA ELEMENTS--GENERAL INFORMATION | |
| fixed length control field | 160311b xxu||||| |||| 00| 0 eng d |
| 020 ## - INTERNATIONAL STANDARD BOOK NUMBER | |
| International Standard Book Number | 0199742783 |
| 100 ## - MAIN ENTRY--PERSONAL NAME | |
| Personal name | Steven G.Laitz |
| 245 ## - TITLE STATEMENT | |
| Title | The Complete Musician |
| Remainder of title | An intergrated approach to tonal theory,analysis,and listening |
| 250 ## - EDITION STATEMENT | |
| Edition statement | 3rd edition |
| 260 ## - PUBLICATION, DISTRIBUTION, ETC. (IMPRINT) | |
| Place of publication, distribution, etc. | New York |
| Name of publisher, distributor, etc. | Oxford university |
| Date of publication, distribution, etc. | 2012 |
| 300 ## - PHYSICAL DESCRIPTION | |
| Extent | xx,875p |
| Other physical details | ill |
| 942 ## - ADDED ENTRY ELEMENTS (KOHA) | |
| Source of classification or shelving scheme | Library of Congress Classification |
| Koha item type | Reserve Collection |
| Call number prefix | MT 6.L136C66 2012 |
| Withdrawn status | Lost status | Source of classification or shelving scheme | Not for loan | Home library | Current library | Shelving location | Date acquired | Cost, normal purchase price | Total Checkouts | Full call number | Barcode | Date last seen | Copy number | Price effective from | Koha item type |
|---|---|---|---|---|---|---|---|---|---|---|---|---|---|---|---|
| Library of Congress Classification | Kabarak, Main Campus | Kabarak, Main Campus | General Stacks | 11/03/2016 | 12690.00 | MT6.L136C66 2012 C.1 | 026154 | 11/03/2016 | C.1 | 11/03/2016 | General Collection |